Memoria, nación y políticas culturales de exclusión /
La autora habla sobre el tema de la impunidad en El Salvador y menciona específicamente el caso de la amnistía que fue aprobada que en medio de un ámbito de impunidad
Guardado en:
| Hovedforfatter: | |
|---|---|
| Format: | Texto |
| Fag: | |
| Tags: |
Tilføj Tag
Ingen Tags, Vær først til at tagge denne postø!
|
MARC
| LEADER | 00000 a a2200000 04500 | ||
|---|---|---|---|
| 001 | 5264 | ||
| 003 | |||
| 040 | |||
| 100 | |a Cortez, Beatriz | ||
| 245 | |a Memoria, nación y políticas culturales de exclusión / |c Beatriz Cortez | ||
| 520 | |a La autora habla sobre el tema de la impunidad en El Salvador y menciona específicamente el caso de la amnistía que fue aprobada que en medio de un ámbito de impunidad | ||
| 650 | |a AMNISTIA | ||
| 650 | |a EL SALVADOR | ||
| 773 | |g volumen 62, número 709 -710; páginas 1056-1061 | ||
| 999 | |c 22088 |d 22088 | ||
| 773 | 0 | |0 18723 |9 2717 |a Universidad Centroamericana José Simeón Cañas (UCA) |d San Salvador, El Salvador Universidad Centroamericana José Simeón |o 05132 |t ECA: | |
